|
|
|
|
| LEADER |
01782nam a2200397 i 4500 |
| 001 |
EBC5497198 |
| 003 |
MiAaPQ |
| 005 |
20200520144314.0 |
| 006 |
m o d | |
| 007 |
cr cnu|||||||| |
| 008 |
180918s2018 enka o 000 0 eng d |
| 020 |
|
|
|z 9781786941251
|
| 020 |
|
|
|a 9781786948809 (e-book)
|
| 035 |
|
|
|a (MiAaPQ)EBC5497198
|
| 035 |
|
|
|a (Au-PeEL)EBL5497198
|
| 035 |
|
|
|a (OCoLC)1031919107
|
| 040 |
|
|
|a MiAaPQ
|b eng
|e rda
|e pn
|c MiAaPQ
|d MiAaPQ
|
| 043 |
|
|
|a e-uk-en
|
| 050 |
|
4 |
|a HD6053
|b .C375 2018
|
| 082 |
0 |
|
|a 331.4
|2 23
|
| 100 |
1 |
|
|a Caslin, Samantha,
|e author.
|
| 245 |
1 |
0 |
|a Save the womanhood! :
|b vice, urban immorality and social control in Liverpool, c.1900-1976 /
|c Samantha Caslin.
|
| 264 |
|
1 |
|a Liverpool :
|b Liverpool University Press,
|c 2018.
|
| 300 |
|
|
|a 1 online resource (ix, 234 pages) :
|b illustrations
|
| 336 |
|
|
|a text
|b txt
|2 rdacontent
|
| 337 |
|
|
|a computer
|b c
|2 rdamedia
|
| 338 |
|
|
|a online resource
|b cr
|2 rdacarrier
|
| 588 |
|
|
|a Description based on print version record.
|
| 590 |
|
|
|a Electronic reproduction. Ann Arbor, MI : ProQuest, 2018. Available via World Wide Web. Access may be limited to ProQuest affiliated libraries.
|
| 650 |
|
0 |
|a Working class women
|z England
|z Liverpool
|x Conduct of life.
|
| 650 |
|
0 |
|a Working class women
|z England
|z Liverpool
|x Social conditions.
|
| 650 |
|
0 |
|a Women
|z England
|z Liverpool
|x Social conditions
|y 20th century.
|
| 655 |
|
4 |
|a Electronic books.
|
| 776 |
0 |
8 |
|i Print version:
|a Caslin, Samantha.
|t Save the womanhood! : vice, urban immorality and social control in Liverpool, c.1900-1976.
|d Liverpool : Liverpool University Press, 2018
|h ix, 234 pages
|z 9781786941251
|
| 797 |
2 |
|
|a ProQuest (Firm)
|
| 856 |
4 |
0 |
|u https://ebookcentral.proquest.com/lib/matrademy/detail.action?docID=5497198
|z Click to View
|